[Event "Calgary int."]
[Site "Calgary CAN"]
[Date "2013.05.19"]
[Round "8"]
[White "Kostadinov, George"]
[Black "Perelshteyn, Eugene"]
[Result "0-1"]
[WhiteElo "2082"]
[BlackElo "2517"]
[PlyCount "92"]
[GameId "2160767909356170"]
[EventDate "2013.05.14"]
[EventType "swiss"]
[EventRounds "9"]
[EventCountry "CAN"]
[SourceTitle "CBM 154 Extra"]
[Source "ChessBase"]
[SourceDate "2013.06.25"]
[SourceVersion "2"]
[SourceVersionDate "2013.06.25"]
[SourceQuality "1"]

1. d4 Nf6 2. c4 e6 3. Nf3 Bb4+ 4. Bd2 Qe7 5. e3 b6 6. Be2 Bb7 7. Qa4 Bxd2+ 8. Nbxd2 O-O 9. O-O d6 10. Qa3 c5 11. Qc3 Nbd7 12. Ne1 e5 13. d5 e4 14. f4 exf3 15. gxf3 b5 16. b3 b4 17. Qd3 Ne5 18. Qf5 Bc8 19. Qc2 Bh3 20. Rf2 Ng6 21. Bf1 Qd7 22. Bxh3 Qxh3 23. Nf1 Rae8 24. Nd3 Nh4 25. Qe2 Nh5 26. Nd2 Qd7 27. Re1 f5 28. Qf1 f4 29. Nxf4 Nxf4 30. exf4 Rxf4 31. Rfe2 Ref8 32. Re6 Qf7 33. Qh3 Nxf3+ 34. Nxf3 Rxf3 35. Qg2 Rf2 36. Qg3 Rf1+ 37. Kg2 Qf2+ 38. Qxf2 R8xf2+ 39. Kg3 Rxe1 40. Rxe1 Rxa2 41. Re6 Ra3 42. Rxd6 Rxb3+ 43. Kf4 Rb1 44. Kf5 b3 45. Rd8+ Kf7 46. Rd7+ Ke8 0-1

[Event "Calgary int."]
[Site "Calgary CAN"]
[Date "2013.05.19"]
[Round "8"]
[White "McEntee, Tim R"]
[Black "Gardner, Robert"]
[Result "1/2-1/2"]
[WhiteElo "2115"]
[BlackElo "2217"]
[PlyCount "61"]
[GameId "2160767909356171"]
[EventDate "2013.05.14"]
[EventType "swiss"]
[EventRounds "9"]
[EventCountry "CAN"]
[SourceTitle "CBM 154 Extra"]
[Source "ChessBase"]
[SourceDate "2013.06.25"]
[SourceVersion "2"]
[SourceVersionDate "2013.06.25"]
[SourceQuality "1"]

1. d4 Nf6 2. c4 e6 3. Nc3 Bb4 4. e3 O-O 5. Nge2 d5 6. a3 Bd6 7. Ng3 c5 8. dxc5 Bxc5 9. b4 Bb6 10. c5 Bc7 11. Nb5 Be5 12. Nd4 b6 13. f4 Bc7 14. cxb6 axb6 15. Nf3 Nc6 16. Bb2 e5 17. Bb5 Na7 18. fxe5 Ng4 19. Bd3 Nxe3 20. Qe2 Nc4 21. Bxc4 dxc4 22. Rd1 Qe7 23. Qxc4 Be6 24. Qe4 Bb3 25. Nf5 Qe8 26. Qe3 Be6 27. Nxg7 Kxg7 28. Qg5+ Kh8 29. Qf6+ Kg8 30. Qg5+ Kh8 31. Qf6+ 1/2-1/2

[Event "Calgary int."]
[Site "Calgary CAN"]
[Date "2013.05.19"]
[Round "8"]
[White "Mikhalevski, Victor"]
[Black "Piasetski, Leon"]
[Result "1/2-1/2"]
[Annotator ",VLAD"]
[WhiteElo "2551"]
[BlackElo "2282"]
[PlyCount "110"]
[GameId "2160767738168117"]
[EventDate "2013.05.14"]
[EventType "swiss"]
[EventRounds "9"]
[EventCountry "CAN"]
[TimeControl "5400"]

1. Nf3 g6 2. g3 Bg7 3. Bg2 c5 4. c4 Nc6 5. Nc3 e5 6. O-O Nge7 7. Ne1 O-O 8. Nc2 d6 9. Ne3 Nf5 10. Ned5 Nce7 11. Rb1 Nxd5 12. Nxd5 Bd7 13. b4 cxb4 14. Rxb4 Rb8 15. d3 b5 16. cxb5 Rxb5 17. Bd2 Nd4 18. e3 Ne6 19. Rxb5 Bxb5 20. Qb3 a6 21. Bb4 Nc5 22. Bxc5 dxc5 23. Rc1 Qd6 24. a4 Bd7 25. Qb6 Qxb6 26. Nxb6 Bf5 27. Be4 Rb8 28. a5 Bf8 29. Bxf5 gxf5 30. Kf1 Rb7 31. e4 fxe4 32. dxe4 f6 33. Ke2 Kf7 34. Kd3 Rb8 35. Rb1 Ke6 36. Kc4 Kd6 37. Rb3 Be7 38. f4 exf4 39. gxf4 Bd8 40. e5+ fxe5 41. fxe5+ Ke6 42. Rh3 Rb7 43. Rh5 Rg7 44. Kxc5 Rg5 45. Rxg5 Bxg5 46. Nc4 Bd8 47. Kd4 Bc7 48. Ke4 Bb8 49. h4 h5 50. Nd6 Bc7 51. Nb7 Bxe5 52. Nc5+ Kd6 53. Nb7+ Ke6 54. Nc5+ Kd6 55. Nxa6 Bc3 1/2-1/2

[Event "Calgary int."]
[Site "Calgary CAN"]
[Date "2013.05.19"]
[Round "8"]
[White "So, Wesley"]
[Black "Cao, Jason"]
[Result "1-0"]
[WhiteElo "2701"]
[BlackElo "2026"]
[PlyCount "87"]
[GameId "2160767909356173"]
[EventDate "2013.05.14"]
[EventType "swiss"]
[EventRounds "9"]
[EventCountry "CAN"]
[SourceTitle "CBM 154 Extra"]
[Source "ChessBase"]
[SourceDate "2013.06.25"]
[SourceVersion "2"]
[SourceVersionDate "2013.06.25"]
[SourceQuality "1"]

1. d4 Nf6 2. c4 e6 3. Nc3 Bb4 4. Qc2 d5 5. cxd5 exd5 6. Bg5 c5 7. dxc5 h6 8. Bh4 g5 9. Bg3 Ne4 10. e3 Qa5 11. Rc1 Nc6 12. Bd3 Bxc3+ 13. bxc3 Nxg3 14. hxg3 Be6 15. Nf3 Qxc5 16. Nxg5 O-O-O 17. Nf3 Kb8 18. Rb1 Rc8 19. O-O Rc7 20. Rfc1 Rhc8 21. Bb5 Ne7 22. Qa4 Nf5 23. Bf1 Bd7 24. Qf4 Qd6 25. Rb3 Qxf4 26. gxf4 Nd6 27. Bd3 Ba4 28. Ra3 Bb5 29. Bb1 Nc4 30. Rb3 Ba4 31. Bf5 Bxb3 32. axb3 Nd6 33. Bxc8 Kxc8 34. Nd4 a6 35. f3 b5 36. Kf2 a5 37. Ra1 a4 38. bxa4 bxa4 39. Rxa4 Rxc3 40. Ra8+ Kd7 41. Ra5 Ke7 42. Rxd5 Rc8 43. Rh5 Rh8 44. e4 1-0

[Event "Calgary int."]
[Site "Calgary CAN"]
[Date "2013.05.20"]
[Round "9"]
[White "Ebrahim Shirazi, Behrooz"]
[Black "Langer, Mikhail"]
[Result "0-1"]
[WhiteElo "2063"]
[BlackElo "2237"]
[PlyCount "66"]
[GameId "2160767909356175"]
[EventDate "2013.05.14"]
[EventType "swiss"]
[EventRounds "9"]
[EventCountry "CAN"]
[SourceTitle "EXT 2014"]
[Source "ChessBase"]
[SourceDate "2013.11.20"]
[SourceVersion "1"]
[SourceVersionDate "2013.11.20"]
[SourceQuality "1"]

1. d4 Nf6 2. c4 c5 3. d5 e6 4. Nc3 exd5 5. cxd5 d6 6. Nf3 g6 7. g3 Bg7 8. Bg2 O-O 9. O-O a6 10. a4 Re8 11. Nd2 Nbd7 12. h3 Rb8 13. Nc4 Nb6 14. Na3 Bd7 15. a5 Nc8 16. Nc4 Qc7 17. Bf4 Nh5 18. Bd2 b5 19. axb6 Nxb6 20. Na5 f5 21. Bf3 Nf6 22. Qc2 Ne4 23. Rfd1 c4 24. Bc1 Nc5 25. Ra3 Nb3 26. Nxb3 cxb3 27. Qb1 Nc4 28. Rxa6 Bxc3 29. bxc3 b2 30. Bh6 Qb7 31. Ra2 Qb3 32. e3 Ra8 33. Rxa8 Rxa8 0-1

[Event "Calgary int."]
[Site "Calgary CAN"]
[Date "2013.05.20"]
[Round "9"]
[White "Haessel, Dale"]
[Black "McEntee, Tim R"]
[Result "1-0"]
[WhiteElo "2171"]
[BlackElo "2115"]
[PlyCount "83"]
[GameId "2160767909356176"]
[EventDate "2013.05.14"]
[EventType "swiss"]
[EventRounds "9"]
[EventCountry "CAN"]
[SourceTitle "EXT 2014"]
[Source "ChessBase"]
[SourceDate "2013.11.20"]
[SourceVersion "1"]
[SourceVersionDate "2013.11.20"]
[SourceQuality "1"]

1. Nf3 Nf6 2. c4 e6 3. Nc3 b6 4. e4 Bb7 5. Bd3 Nc6 6. O-O Be7 7. Bc2 e5 8. d4 exd4 9. Nxd4 Ne5 10. b3 O-O 11. f4 Ng6 12. Bb2 d6 13. Nf5 Re8 14. Nd5 Bxd5 15. cxd5 Bf8 16. Qf3 Rc8 17. Rac1 Nd7 18. Qc3 Qf6 19. Qxf6 Nxf6 20. Bxf6 gxf6 21. Bd3 b5 22. b4 a6 23. Rc6 Ne7 24. Rxa6 Nxf5 25. exf5 Re3 26. Rd1 h5 27. Kf2 Rce8 28. Bxb5 R8e7 29. Bd3 Bh6 30. g3 h4 31. a4 Bxf4 32. gxf4 Rh3 33. Kg2 Ree3 34. Be2 Ra3 35. a5 Rhe3 36. Kf2 Re4 37. Ra8+ Kh7 38. Ra7 Ra2 39. Re1 Rxf4+ 40. Ke3 Rxb4 41. Rxc7 Ra3+ 42. Bd3 1-0

[Event "Calgary int."]
[Site "Calgary CAN"]
[Date "2013.05.20"]
[Round "9"]
[White "Peter, Steven"]
[Black "Cao, Jason"]
[Result "1-0"]
[WhiteElo "2234"]
[BlackElo "2026"]
[PlyCount "91"]
[GameId "2160767909356177"]
[EventDate "2013.05.14"]
[EventType "swiss"]
[EventRounds "9"]
[EventCountry "CAN"]
[SourceTitle "EXT 2014"]
[Source "ChessBase"]
[SourceDate "2013.11.20"]
[SourceVersion "1"]
[SourceVersionDate "2013.11.20"]
[SourceQuality "1"]

1. e4 c5 2. Nf3 d6 3. d4 cxd4 4. Qxd4 a6 5. h3 Nc6 6. Qe3 g6 7. c4 Bg7 8. Nc3 Nf6 9. Be2 O-O 10. O-O Nd7 11. Rb1 Nde5 12. Rd1 Nxf3+ 13. Bxf3 Qa5 14. a3 Qc5 15. Qxc5 dxc5 16. Nd5 Bd4 17. Bh6 Rd8 18. b4 cxb4 19. axb4 e6 20. Bg5 Rf8 21. b5 axb5 22. cxb5 exd5 23. bxc6 dxe4 24. Bxe4 Bxf2+ 25. Kxf2 bxc6 26. Bh6 Re8 27. Bxc6 Bf5 28. Bxe8 Bxb1 29. Bc6 Rb8 30. Rd7 Bf5 31. Rb7 Rxb7 32. Bxb7 Be6 33. Ke3 f6 34. Kd4 Kf7 35. Bd5 Bxd5 36. Kxd5 g5 37. Kd6 Kg6 38. Bf8 Kf5 39. Kd5 g4 40. h4 g3 41. Be7 Kf4 42. Kd4 Kf5 43. Ke3 Kg4 44. Bxf6 h5 45. Bd8 Kf5 46. Kf3 1-0

[Event "Calgary int."]
[Site "Calgary CAN"]
[Date "2013.05.20"]
[Round "9"]
[White "Pua, Richard"]
[Black "Mikhalevski, Victor"]
[Result "0-1"]
[WhiteElo "2007"]
[BlackElo "2551"]
[PlyCount "52"]
[GameId "2160767909356179"]
[EventDate "2013.05.14"]
[EventType "swiss"]
[EventRounds "9"]
[EventCountry "CAN"]
[SourceTitle "EXT 2014"]
[Source "ChessBase"]
[SourceDate "2013.11.20"]
[SourceVersion "1"]
[SourceVersionDate "2013.11.20"]
[SourceQuality "1"]

1. e4 e5 2. Nf3 Nc6 3. d4 exd4 4. Nxd4 Bc5 5. Nxc6 bxc6 6. Nc3 Qh4 7. Qf3 Bd4 8. Bd3 Nf6 9. Be3 Be5 10. g3 Qh3 11. Bf1 Qe6 12. Bd3 Rb8 13. Nd1 d5 14. exd5 cxd5 15. O-O d4 16. Bf4 Bb7 17. Qe2 Bxf4 18. Qxe6+ fxe6 19. gxf4 O-O 20. f5 exf5 21. Bxf5 Nh5 22. Be6+ Kh8 23. c4 Nf4 24. Bd5 Nxd5 25. cxd5 Bxd5 26. b3 Rb6 0-1

[Event "Calgary int."]
[Site "Calgary CAN"]
[Date "2013.05.20"]
[Round "9"]
[White "Van Kampen, Robin"]
[Black "Jayakumar, Adarsh"]
[Result "1-0"]
[Annotator ",VLAD"]
[WhiteElo "2580"]
[BlackElo "2336"]
[PlyCount "67"]
[GameId "2160767738237752"]
[EventDate "2013.05.14"]
[EventType "swiss"]
[EventRounds "9"]
[EventCountry "CAN"]
[TimeControl "5400"]

1. e4 c5 2. Nf3 d6 3. Bb5+ Nd7 4. O-O a6 5. Bd3 g6 6. c3 Bg7 7. Bc2 e6 8. d4 Ne7 9. Bf4 e5 10. Be3 exd4 11. cxd4 O-O 12. Nc3 Nc6 13. Bg5 Qa5 14. d5 Nce5 15. Nd2 Qb4 16. Rb1 f6 17. a3 Qa5 18. Be3 b5 19. f4 Nf7 20. Ne2 Qc7 21. Ng3 Nb6 22. Nf3 Nh6 23. f5 gxf5 24. Nh4 Nc4 25. Bf4 fxe4 26. Bxe4 f5 27. Bxh6 Bxh6 28. Nhxf5 Bxf5 29. Nxf5 Be3+ 30. Kh1 Rae8 31. Bd3 Qd8 32. Qg4+ Bg5 33. Bxc4 bxc4 34. h4 1-0

[Event "Carnaval"]
[Site "Quebec CAN"]
[Date "2013.02.15"]
[Round "1"]
[White "Dorion, Francois"]
[Black "Gaulin, Gaetan"]
[Result "1-0"]
[WhiteElo "1662"]
[BlackElo "1990"]
[PlyCount "75"]
[GameId "2160767909381694"]
[EventDate "2013.02.15"]
[EventType "swiss"]
[EventRounds "5"]
[EventCountry "CAN"]
[SourceTitle "EXT 2022"]
[Source "ChessBase"]
[SourceDate "2021.10.06"]
[SourceVersion "1"]
[SourceVersionDate "2021.10.06"]
[SourceQuality "1"]

1. d3 d5 2. Nf3 g6 3. g3 Bg7 4. Bg2 Nf6 5. O-O O-O 6. c3 c5 7. Qc2 Nc6 8. Nbd2 Qc7 9. a3 a5 10. e4 dxe4 11. dxe4 Rd8 12. Nc4 Be6 13. Bf4 Qd7 14. Nb6 Qe8 15. Nxa8 Rxa8 16. Rfe1 a4 17. c4 Bg4 18. e5 Nd7 19. Qc3 h6 20. h4 Qc8 21. Rad1 Nf8 22. Rd3 Ne6 23. Qd2 Nxf4 24. Qxf4 Be6 25. Red1 Qc7 26. Qd2 Bxc4 27. Rd7 Qb6 28. Bh3 Bb3 29. Re1 Rf8 30. h5 gxh5 31. Re4 f5 32. exf6 Rxf6 33. Nh4 e6 34. Qe2 Nd4 35. Qxh5 Bd5 36. Qe8+ Bf8 37. Rg4+ Kh8 38. Ng6+ 1-0

[Event "Carnaval"]
[Site "Quebec CAN"]
[Date "2013.02.15"]
[Round "1"]
[White "Garcia-Casillas, Carlos"]
[Black "Fournelle, Patrick"]
[Result "1-0"]
[WhiteElo "1738"]
[BlackElo "1510"]
[PlyCount "55"]
[GameId "2160767909381695"]
[EventDate "2013.02.15"]
[EventType "swiss"]
[EventRounds "5"]
[EventCountry "CAN"]
[SourceTitle "EXT 2022"]
[Source "ChessBase"]
[SourceDate "2021.10.06"]
[SourceVersion "1"]
[SourceVersionDate "2021.10.06"]
[SourceQuality "1"]

1. e4 c5 2. Nf3 d6 3. d4 cxd4 4. Nxd4 Nf6 5. Nc3 a6 6. f3 e6 7. Be3 Be7 8. Qd2 Nbd7 9. g4 Ne5 10. O-O-O Qc7 11. g5 Nfd7 12. f4 Nc4 13. Bxc4 Qxc4 14. f5 e5 15. Nde2 f6 16. Kb1 O-O 17. Nd5 Bd8 18. Ng3 b5 19. g6 h6 20. Bxh6 Nc5 21. Bxg7 Kxg7 22. Nh5+ Kg8 23. Qh6 Ra7 24. g7 Re8 25. Qh8+ Kf7 26. Qxe8+ Kxe8 27. g8=Q+ Kd7 28. Nhxf6+ 1-0

[Event "Carnaval"]
[Site "Quebec CAN"]
[Date "2013.02.15"]
[Round "1"]
[White "Servant, Michel"]
[Black "Bourassa, Louis"]
[Result "1/2-1/2"]
[WhiteElo "1678"]
[BlackElo "1441"]
[PlyCount "34"]
[GameId "2160767909381696"]
[EventDate "2013.02.15"]
[EventType "swiss"]
[EventRounds "5"]
[EventCountry "CAN"]
[SourceTitle "EXT 2022"]
[Source "ChessBase"]
[SourceDate "2021.10.06"]
[SourceVersion "1"]
[SourceVersionDate "2021.10.06"]
[SourceQuality "1"]

1. c4 f5 2. Nc3 Nf6 3. d4 e6 4. g3 d5 5. Bg2 c6 6. Nf3 Bd6 7. cxd5 exd5 8. O-O O-O 9. Bg5 h6 10. Bd2 Nbd7 11. Nh4 Ne4 12. Nxe4 fxe4 13. Qb3 Qe8 14. Bh3 b6 15. Rac1 Nf6 16. Bxc8 Rxc8 17. Nf5 Bb8 1/2-1/2

[Event "Carnaval"]
[Site "Quebec CAN"]
[Date "2013.02.15"]
[Round "1"]
[White "Trottier, Luc"]
[Black "Grenier, Jean-Luc"]
[Result "0-1"]
[WhiteElo "1505"]
[BlackElo "1734"]
[PlyCount "58"]
[GameId "2160767909381697"]
[EventDate "2013.02.15"]
[EventType "swiss"]
[EventRounds "5"]
[EventCountry "CAN"]
[SourceTitle "EXT 2022"]
[Source "ChessBase"]
[SourceDate "2021.10.06"]
[SourceVersion "1"]
[SourceVersionDate "2021.10.06"]
[SourceQuality "1"]

1. d4 Nf6 2. c4 g6 3. Nc3 d5 4. Bf4 Bg7 5. Nf3 c6 6. e3 O-O 7. Bd3 Qb6 8. Rb1 dxc4 9. Bxc4 Bf5 10. Bd3 Bxd3 11. Qxd3 Nbd7 12. O-O Rfd8 13. Qc2 Nh5 14. Bg5 Nhf6 15. e4 h6 16. Be3 Ng4 17. Bf4 e5 18. Na4 Qb5 19. dxe5 Ngxe5 20. Nd4 Qb4 21. Rbd1 Nb6 22. Nxb6 axb6 23. a3 Qc4 24. Qxc4 Nxc4 25. Nf3 Nxb2 26. Rxd8+ Rxd8 27. Bc7 Rd3 28. Bxb6 Rxa3 29. g3 Rxf3 0-1

[Event "Carnaval"]
[Site "Quebec CAN"]
[Date "2013.02.16"]
[Round "2"]
[White "Bourassa, Louis"]
[Black "Pichette, Mickaelin"]
[Result "0-1"]
[WhiteElo "1441"]
[BlackElo "1886"]
[PlyCount "50"]
[GameId "2160767909381698"]
[EventDate "2013.02.15"]
[EventType "swiss"]
[EventRounds "5"]
[EventCountry "CAN"]
[SourceTitle "EXT 2022"]
[Source "ChessBase"]
[SourceDate "2021.10.06"]
[SourceVersion "1"]
[SourceVersionDate "2021.10.06"]
[SourceQuality "1"]

1. e4 c5 2. d4 e6 3. Nf3 d5 4. e5 cxd4 5. c3 dxc3 6. Nxc3 a6 7. Be3 Nc6 8. Bd3 f6 9. exf6 Nxf6 10. Bc2 Bd6 11. O-O O-O 12. Rc1 h6 13. a3 Bc7 14. Bb3 Qd6 15. Qd2 Ng4 16. Ne4 dxe4 17. Qxd6 Bxd6 18. Rcd1 Bc7 19. Nd4 Bxh2+ 20. Kh1 Nce5 21. Nxe6 Bxe6 22. Bxe6+ Kh7 23. Bd4 Rae8 24. Bxe5 Rxe6 25. Bxh2 Nxf2+ 0-1

[Event "Carnaval"]
[Site "Quebec CAN"]
[Date "2013.02.16"]
[Round "2"]
[White "Grenier, Jean-Luc"]
[Black "Foucreault, Laurent"]
[Result "1/2-1/2"]
[WhiteElo "1734"]
[BlackElo "1584"]
[PlyCount "61"]
[GameId "2160767909381700"]
[EventDate "2013.02.15"]
[EventType "swiss"]
[EventRounds "5"]
[EventCountry "CAN"]
[SourceTitle "EXT 2022"]
[Source "ChessBase"]
[SourceDate "2021.10.06"]
[SourceVersion "1"]
[SourceVersionDate "2021.10.06"]
[SourceQuality "1"]

1. e4 e5 2. Nf3 Nc6 3. d4 exd4 4. Nxd4 Nf6 5. Nc3 Bb4 6. Nxc6 bxc6 7. Bd2 O-O 8. Bd3 d5 9. O-O Bxc3 10. Bxc3 dxe4 11. Bxf6 Qxf6 12. Bxe4 Rb8 13. b3 c5 14. Qh5 g6 15. Qxc5 Bb7 16. Bxb7 Rxb7 17. Rae1 Qb6 18. Qc4 c5 19. Re5 Rc7 20. Rfe1 Qb4 21. R1e4 Rd8 22. Re8+ Rxe8 23. Rxe8+ Kg7 24. Qd5 Qc3 25. Qe5+ Qxe5 26. Rxe5 c4 27. b4 Rd7 28. Kf1 Rd2 29. Re2 Rd1+ 30. Re1 Rd2 31. Re2 1/2-1/2

[Event "Carnaval"]
[Site "Quebec CAN"]
[Date "2013.02.16"]
[Round "2"]
[White "Hamilton, Robert"]
[Black "Chabot, Roland"]
[Result "1-0"]
[WhiteElo "2304"]
[BlackElo "2136"]
[PlyCount "48"]
[GameId "2160767909381701"]
[EventDate "2013.02.15"]
[EventType "swiss"]
[EventRounds "5"]
[EventCountry "CAN"]
[SourceTitle "EXT 2022"]
[Source "ChessBase"]
[SourceDate "2021.10.06"]
[SourceVersion "1"]
[SourceVersionDate "2021.10.06"]
[SourceQuality "1"]

1. Nf3 Nf6 2. c4 g6 3. g3 Bg7 4. Bg2 O-O 5. O-O d5 6. cxd5 Nxd5 7. Nc3 e5 8. Qb3 Nb6 9. d3 Nc6 10. Be3 Nd4 11. Bxd4 exd4 12. Ne4 Be6 13. Qc2 Bd5 14. Nfd2 Re8 15. Rfe1 Re7 16. a4 a5 17. Bf1 Bc6 18. Bg2 Qe8 19. Nc4 Nd5 20. Bf3 Nb4 21. Qb3 b6 22. Qd1 Qd7 23. Bg2 Rae8 24. Ned2 Nxd3 1-0

[Event "Carnaval"]
[Site "Quebec CAN"]
[Date "2013.02.16"]
[Round "3"]
[White "Dorion, Francois"]
[Black "Lessard, Claude"]
[Result "0-1"]
[WhiteElo "1662"]
[BlackElo "2068"]
[PlyCount "54"]
[GameId "2160767909381704"]
[EventDate "2013.02.15"]
[EventType "swiss"]
[EventRounds "5"]
[EventCountry "CAN"]
[SourceTitle "EXT 2022"]
[Source "ChessBase"]
[SourceDate "2021.10.06"]
[SourceVersion "1"]
[SourceVersionDate "2021.10.06"]
[SourceQuality "1"]

1. Nf3 Nf6 2. c3 g6 3. g3 Bg7 4. Bg2 d6 5. O-O O-O 6. d4 Nbd7 7. Nbd2 c5 8. e4 e6 9. Re1 cxd4 10. cxd4 Rb8 11. Nf1 b5 12. Bf4 Nb6 13. e5 Nfd5 14. Bg5 Qd7 15. Ne3 Nxe3 16. Bxe3 Nc4 17. b3 Nxe3 18. Rxe3 Bb7 19. Rc1 Bh6 20. exd6 Bxe3 21. fxe3 Qxd6 22. Ne5 Bxg2 23. Kxg2 Rbc8 24. Rxc8 Rxc8 25. Qf3 f5 26. Qb7 Qd5+ 27. Qxd5 exd5 0-1

[Event "Carnaval"]
[Site "Quebec CAN"]
[Date "2013.02.16"]
[Round "3"]
[White "Hamilton, Robert"]
[Black "Bolduc, Steve"]
[Result "1/2-1/2"]
[WhiteElo "2304"]
[BlackElo "2194"]
[PlyCount "63"]
[GameId "2160767909381705"]
[EventDate "2013.02.15"]
[EventType "swiss"]
[EventRounds "5"]
[EventCountry "CAN"]
[SourceTitle "EXT 2022"]
[Source "ChessBase"]
[SourceDate "2021.10.06"]
[SourceVersion "1"]
[SourceVersionDate "2021.10.06"]
[SourceQuality "1"]

1. c4 c5 2. Nc3 g6 3. g3 Bg7 4. Bg2 Nc6 5. e3 e5 6. Nge2 Nge7 7. a3 a5 8. O-O O-O 9. d3 d6 10. h3 Rb8 11. Bd2 Be6 12. Qc2 d5 13. cxd5 Nxd5 14. Rfd1 Rc8 15. Nxd5 Bxd5 16. Bxd5 Qxd5 17. Nc3 Qe6 18. Kg2 Nd4 19. exd4 cxd4 20. Qa4 dxc3 21. Bxc3 b6 22. Re1 f5 23. Rad1 Qd5+ 24. Kg1 Rfd8 25. Qc2 Re8 26. Qe2 b5 27. h4 Kf7 28. Qf1 Re6 29. Qg2 Qxg2+ 30. Kxg2 Bf6 31. Re2 Rd8 32. Rde1 1/2-1/2

[Event "Carnaval"]
[Site "Quebec CAN"]
[Date "2013.02.17"]
[Round "4"]
[White "Bolduc, Steve"]
[Black "Larochelle, Martial"]
[Result "1/2-1/2"]
[WhiteElo "2194"]
[BlackElo "2186"]
[PlyCount "92"]
[GameId "2160767909381707"]
[EventDate "2013.02.15"]
[EventType "swiss"]
[EventRounds "5"]
[EventCountry "CAN"]
[SourceTitle "EXT 2022"]
[Source "ChessBase"]
[SourceDate "2021.10.06"]
[SourceVersion "1"]
[SourceVersionDate "2021.10.06"]
[SourceQuality "1"]

1. d4 Nf6 2. c4 g6 3. Nc3 d5 4. cxd5 Nxd5 5. e4 Nxc3 6. bxc3 Bg7 7. Bg5 c5 8. Rc1 O-O 9. Nf3 Bg4 10. d5 Qc7 11. Qb3 e6 12. Bc4 exd5 13. Bxd5 Nc6 14. O-O Bxf3 15. gxf3 Be5 16. Kg2 Bf4 17. Bxf4 Qxf4 18. c4 Nd4 19. Qe3 Qc7 20. Rfd1 Ne6 21. e5 Rae8 22. f4 b6 23. Rd2 Ng7 24. Rcd1 Re7 25. Qe4 Qc8 26. h3 Nf5 27. Bc6 Nd4 28. Rxd4 cxd4 29. Rxd4 Qc7 30. Rd3 Kg7 31. Bd5 Rfe8 32. h4 Qc8 33. Rg3 Kh8 34. Qd4 Rf8 35. Rg5 h6 36. Rg3 Qf5 37. Bc6 Rc8 38. e6+ Kh7 39. Bd5 Rxe6 40. h5 Rce8 41. Bxe6 Rxe6 42. Qd7 Qe4+ 43. Kg1 Qe1+ 44. Kg2 Qe4+ 45. Kg1 Qe1+ 46. Kg2 Qe4+ 1/2-1/2

[Event "Carnaval"]
[Site "Quebec CAN"]
[Date "2013.02.17"]
[Round "4"]
[White "Dube, Daniel"]
[Black "Dorion, Francois"]
[Result "1-0"]
[WhiteElo "1986"]
[BlackElo "1662"]
[PlyCount "73"]
[GameId "2160767909381708"]
[EventDate "2013.02.15"]
[EventType "swiss"]
[EventRounds "5"]
[EventCountry "CAN"]
[SourceTitle "EXT 2022"]
[Source "ChessBase"]
[SourceDate "2021.10.06"]
[SourceVersion "1"]
[SourceVersionDate "2021.10.06"]
[SourceQuality "1"]

1. Nf3 d6 2. g3 Nf6 3. Bg2 g6 4. O-O Bg7 5. d3 O-O 6. e4 e5 7. Nbd2 c5 8. a4 Nc6 9. c3 Be6 10. Ng5 Qd7 11. Nxe6 Qxe6 12. Nc4 d5 13. Ne3 Rad8 14. exd5 Nxd5 15. Nxd5 Rxd5 16. Bxd5 Qxd5 17. Be3 Rd8 18. Qe2 b6 19. Rfd1 Qe6 20. Qf3 f5 21. Qg2 Rf8 22. f4 e4 23. dxe4 fxe4 24. Rd2 Ne7 25. Rad1 Nf5 26. Qf2 h5 27. Rd7 Qb3 28. Ra1 Re8 29. Ra3 Qc4 30. Qd2 Bf6 31. Kf2 Nh6 32. Qd5+ Qxd5 33. Rxd5 Ng4+ 34. Ke2 Nxh2 35. a5 Nf3 36. axb6 axb6 37. Rd6 1-0

[Event "Charlesbourg Alekhine"]
[Site "Charlesbourg CAN"]
[Date "2013.09.02"]
[Round "1"]
[White "Beaudoin, Stephane"]
[Black "Gaudreau, Eric"]
[Result "1-0"]
[WhiteElo "2043"]
[BlackElo "1642"]
[PlyCount "45"]
[GameId "2160767909229643"]
[EventDate "2013.09.02"]
[EventType "swiss"]
[EventRounds "5"]
[EventCountry "CAN"]
[SourceTitle "EXT 2022"]
[Source "ChessBase"]
[SourceDate "2021.10.06"]
[SourceVersion "1"]
[SourceVersionDate "2021.10.06"]
[SourceQuality "1"]

1. e4 c6 2. d4 d5 3. Nc3 dxe4 4. Nxe4 Bf5 5. Ng3 Bg6 6. Nf3 Nd7 7. Bc4 e6 8. O-O Ngf6 9. Qe2 Nb6 10. Bb3 Nbd5 11. Bg5 Be7 12. c4 Nc7 13. Rad1 O-O 14. Ne5 a5 15. a3 Na6 16. h4 Qb6 17. Ba2 Rad8 18. h5 Bf5 19. Nxf5 exf5 20. h6 g6 21. Nxg6 hxg6 22. Qxe7 c5 23. Qxf6 1-0

[Event "Charlesbourg Alekhine"]
[Site "Charlesbourg CAN"]
[Date "2013.09.02"]
[Round "1"]
[White "Drolet, Stephane"]
[Black "Dube, Daniel"]
[Result "1-0"]
[WhiteElo "2150"]
[BlackElo "1850"]
[PlyCount "145"]
[GameId "2160767909229644"]
[EventDate "2013.09.02"]
[EventType "swiss"]
[EventRounds "5"]
[EventCountry "CAN"]
[SourceTitle "EXT 2022"]
[Source "ChessBase"]
[SourceDate "2021.10.06"]
[SourceVersion "1"]
[SourceVersionDate "2021.10.06"]
[SourceQuality "1"]

1. d4 e6 2. Nf3 Nf6 3. Bg5 c5 4. e3 Qb6 5. Qc1 Ne4 6. Bh4 g5 7. Nxg5 Nxg5 8. Bxg5 cxd4 9. Bf6 Rg8 10. Bxd4 Qa5+ 11. Nd2 Nc6 12. Bc3 Qc7 13. Qd1 d5 14. Qh5 Rg6 15. g3 e5 16. Bb5 Bg4 17. Qxe5+ Qxe5 18. Bxe5 O-O-O 19. Bxc6 bxc6 20. f3 Re6 21. Bf4 Bf5 22. c3 Bc5 23. Kf2 Bb6 24. Rhe1 Rde8 25. b4 h5 26. Nb3 Bd3 27. a4 Bc4 28. Nd2 Bd3 29. a5 Bd8 30. Nb3 Bc4 31. Nd4 Bf6 32. Rac1 Bxd4 33. cxd4 f5 34. Rxc4 dxc4 35. Rc1 Rd8 36. Rxc4 Rd5 37. Ke2 Kb7 38. Kd3 Re7 39. h3 Rh7 40. h4 Rf7 41. Rc2 Rb5 42. Kc4 Ka6 43. Rg2 Rfb7 44. Bd6 Rd5 45. Bf4 Rdb5 46. Bd6 Rd7 47. Bc5 Rg7 48. Bd6 Rd5 49. Be5 Rg6 50. e4 fxe4 51. fxe4 Rd8 52. Rf2 Rg4 53. Re2 Rg6 54. Rf2 Rd7 55. Rf5 Rh7 56. Bf4 Re6 57. e5 Kb7 58. Rf8 Ka6 59. Rd8 Kb7 60. d5 cxd5+ 61. Kxd5 Ree7 62. e6 Ka6 63. Bd6 Rb7 64. Rg8 Kb5 65. g4 hxg4 66. Rxg4 Rh5+ 67. Be5 Rbh7 68. Kd6 a6 69. Bf6 R5h6 70. Bg5 Rg6 71. Re4 Rc7 72. Kxc7 Rxg5 73. hxg5 1-0